Mozart, Figarova svatba : [opera o čtyřech dějstvích : premiéra 11. března 1988 v Janáčkově divadle /

Corporate Author: Státní divadlo v Brně
Other Authors: Havlová, Magdalena, 1954-
Language: Czech
Published: [V Brně : Státní divadlo, 1988]
Physical Description: [8] s. ; 20 cm
Book
Saved in:
LEADER 01525nam a2200433 a 4500
001 000937487
003 CZ BrMZK
005 20090604093012.0
007 ta
008 090504s1988 xr e 000 0dcze
020 |q (Brož.) 
040 |a BOA001  |b cze 
043 |a e-au---  |a e-xr---  |b e-xr-jm  |2 czenas 
045 |a v8v8  |a y0y0 
072 7 |a 792  |x Divadlo. Divadelní představení  |2 Konspekt  |9 3 
080 |a 782  |2 MRF 
080 |a 792.54  |2 MRF 
080 |a (437.322)  |2 MRF 
080 |a (436)  |2 MRF 
080 |a (083.97)  |2 MRF 
245 0 0 |a Mozart, Figarova svatba :  |b [opera o čtyřech dějstvích : premiéra 11. března 1988 v Janáčkově divadle /  |c program připravila Magdalena Havlová] 
246 3 |a Wolfgang Amadeus Mozart, Figarova svatba 
246 3 0 |a Figarova svatba 
260 |a [V Brně :  |b Státní divadlo,  |c 1988] 
300 |a [8] s. ;  |c 20 cm 
500 |a Název z obálky 
648 4 |a 1786 
648 4 |a 1988 
650 0 7 |a operní inscenace  |7 ph137507  |z Česko  |y 1981-2010  |2 czenas 
650 0 7 |a opery  |7 ph123760  |z Rakousko  |y 18. stol.  |2 czenas 
655 7 |a divadelní programy  |7 fd132033  |2 czenas 
610 2 7 |a Janáčkovo divadlo  |7 kn20010709307  |2 czenas 
651 7 |a Brno (Česko)  |7 ge134084  |2 czenas 
700 1 |a Havlová, Magdalena,  |d 1954-  |7 ola200208274  |4 edt 
710 2 |a Státní divadlo v Brně  |7 ko2003207888 
910 2 |a BOA001  |b 2-1222.522 
990 |a BK 
991 |b 200906 
996 6 |b 2610378251  |c 2-1222.522  |l MZK  |r Sklad / do 1 hodiny  |n 0  |p  dar  |w 000937487  |u 000010  |a 1  |e BOA001  |j MZK50  |s P